| 000 | 00467nam a2200157Ia 4500 | ||
|---|---|---|---|
| 999 |
_c35098 _d35098 |
||
| 003 | OSt | ||
| 005 | 20201214114308.0 | ||
| 008 | 190216s9999||||xx |||||||||||||| ||und|| | ||
| 040 | _coclc | ||
| 082 |
_a507.3 _bMUN/L |
||
| 100 |
_aMunby, Alan E _97437 |
||
| 245 | 0 |
_aLaboratories Their Planning And Fittings / _cAlan E Munby |
|
| 260 |
_bG . Bell & Sons Ltd, _c1931. _aLondon: |
||
| 300 | _a224p | ||
| 942 |
_cREF _2ddc _h507.3 _iMUN/L _k507.3 _mMUN/L |
||